ARRUPE JESUIT UNIVERSITY

CORONAVIRUS -STOP THE SPREAD - CLEAN,DISINFECT,COVER

George IV, Prince of Wales, 1762-1811 (Record no. 130211)

MARC details
000 -LEADER
fixed length control field 00990cam a2200301 4500
001 - CONTROL NUMBER
control field 3608193
003 - CONTROL NUMBER IDENTIFIER
control field ARRUPE
005 - DATE AND TIME OF LATEST TRANSACTION
control field 20200129105201.0
008 - FIXED-LENGTH DATA ELEMENTS--GENERAL INFORMATION
fixed length control field 730122s1972 enka b 001 0 eng
010 ## - LIBRARY OF CONGRESS CONTROL NUMBER
LC control number 72169800
015 ## - NATIONAL BIBLIOGRAPHY NUMBER
National bibliography number B***
020 ## - INTERNATIONAL STANDARD BOOK NUMBER
International Standard Book Number 0582126754
040 ## - CATALOGING SOURCE
Original cataloging agency DLC
Transcribing agency DLC
Modifying agency DLC
050 00 - LIBRARY OF CONGRESS CALL NUMBER
Classification number DA538.A1
Item number H5
082 00 - DEWEY DECIMAL CLASSIFICATION NUMBER
Classification number 942.07/4/0924
-- B
300 ## - PHYSICAL DESCRIPTION
Other physical details illus.
Dimensions 24 cm.
100 1# - MAIN ENTRY--PERSONAL NAME
Personal name Hibbert, Christopher,
Dates associated with a name 1924-2008.
9 (RLIN) 49137
245 00 - TITLE STATEMENT
Title George IV, Prince of Wales, 1762-1811
Statement of responsibility, etc [by] Christopher Hibbert.
260 ## - PUBLICATION, DISTRIBUTION, ETC. (IMPRINT)
Place of publication, distribution, etc [London]
Name of publisher, distributor, etc Longman
Date of publication, distribution, etc [1972]
300 ## - PHYSICAL DESCRIPTION
Extent xiii, 338 p.
350 ## - PRICE (NR) (BK AM CF MU VM SE) [OBSOLETE]
Price £3.95
504 ## - BIBLIOGRAPHY, ETC. NOTE
Bibliography, etc Bibliography: p. 311-319.
600 00 - SUBJECT ADDED ENTRY--PERSONAL NAME
Personal name George
Numeration IV,
Titles and other words associated with a name King of Great Britain,
Dates associated with a name 1762-1830.
9 (RLIN) 49138
650 #0 - SUBJECT ADDED ENTRY--TOPICAL TERM
Topical term or geographic name as entry element Princes
Geographic subdivision Great Britain
General subdivision Biography.
9 (RLIN) 49139
651 #0 - SUBJECT ADDED ENTRY--GEOGRAPHIC NAME
Geographic name Great Britain
General subdivision History
Chronological subdivision George III, 1760-1820.
9 (RLIN) 49027
651 #0 - SUBJECT ADDED ENTRY--GEOGRAPHIC NAME
Geographic name Great Britain
General subdivision Kings and rulers
-- Biography.
9 (RLIN) 6218
906 ## - LOCAL DATA ELEMENT F, LDF (RLIN)
a 7
b cbc
c orignew
d 3
e ncip
f 19
g y-gencatlg
942 ## - ADDED ENTRY ELEMENTS (KOHA)
Source of classification or shelving scheme Library of Congress Classification
Koha item type Monograph ( Printed materials)
Holdings
Withdrawn status Lost status Source of classification or shelving scheme Damaged status Not for loan Collection code Home library Current library Shelving location Date acquired Total Checkouts Full call number Barcode Date last seen Price effective from Koha item type
    Library of Congress Classification     Main Collection ARRUPE LIBRARY ARRUPE LIBRARY Main Collection 29/01/2020   DA538.A1 H5 46600006292 29/01/2020 29/01/2020 Monograph ( Printed materials)

 

Arrupe Library. PO Box MP320 Mt Pleasant, Harare, Zimbabwe
263 242 745411|librarian@aju.ac.zw